000
00339nam a22001457a 4500
008
230901b ||||| |||| 00| 0 eng d
020
_a
9780520205987
041
_a
eng
080
_a
616.053
082
_a
616.053BER
100
_a
14
101
_a
PEDIA
245
_a
DRUG WAR POLITICS THE PRICE OF DENIAL
_c
BERTRAM.E
942
_2
udc
_c
BK
999
_c
60233
_d
60233